| 000 | 01449nam a2200385 i 4500 | ||
|---|---|---|---|
| 001 | 26329 | ||
| 003 | KOSZ 005 | ||
| 005 | 20191106070422.0 | ||
| 008 | 070716s1970 pl a f |000 0 pol | ||
| 015 | _aPB 1970/5470 | ||
| 035 | _a(OCoLC)749822732 | ||
| 040 |
_aWA N _cWA N _dKOSZ 005/EC |
||
| 041 | 1 |
_apol _hrus |
|
| 046 | _k1970 | ||
| 080 | _a66 | ||
| 655 | 4 | _aĆwiczenia i zadania | |
| 650 | 4 | _aTechnologia chemiczna | |
| 710 | 2 |
_aWydawnictwa Naukowo-Techniczne _4pbl. |
|
| 830 | 0 | _aInżynieria Chemiczna | |
| 999 |
_c26329 _d26329 |
||
| 999 | _bIBezmzl | ||
| 100 | 1 |
_aKozulin, Nikolaj Aleksandrovič. _eAutor |
|
| 245 | 1 | 0 |
_aMaszyny przemysłu chemicznego : _bprzykłady i zadania / _cNikolaj Aleksandrovič Kozulin, V. N. Sokolov, Aleksandr Jakovlevič Šapiro ; tł. Euzebiusz Koch. |
| 246 | 1 |
_iTyt. oryg.: _aPrimery i zadači po kursu oborudowanâ zavodov himičeskoj promyšlennosti. |
|
| 260 |
_aWarszawa : _bWydawnictwa Naukowo-Techniczne, _c[1970]. |
||
| 300 |
_a442, [1] s. : _bil. ; _c23 cm. |
||
| 380 | _aKsiążki. | ||
| 388 | _a1901-2000 | ||
| 388 | _a1945-1989 | ||
| 490 | 1 | _aInżynieria Chemiczna. | |
| 700 | 1 |
_aSokolov, Viktor Nikolaevič. _eAutor |
|
| 700 | 1 |
_aŠapiro, Aleksandr Âkovlevič. _eAutor |
|
| 700 | 1 |
_aKoch, Euzebiusz. _eTłumaczenie |
|
| 856 |
_uhttp://koha.tu.koszalin.pl/cgi-bin/koha/opac-detail.pl?biblionumber=26329 _yKatalog online BPK |
||
| 942 |
_2UKD _cKS |
||